000 00988nas a2200301 4500
001 BR9503803
003 BR-BrBNA
005 20231205094356.0
007 ta
008 230509b bl.|||p| |||| 00| 00por d
040 _aBR-BrBNA
_bpor
_cBiblioteca Nacional de Agricultura
041 _a(Pt)
072 _aF07; F04
100 1 _aVilela, H.
100 1 _aBarbosa, A.S.
245 1 _aFormacao de pastagem consorciada de capim elefante mineiro (Pennisetum purpureum)e soja perene (Glycine javanica)em cerrado e estimativa de custo
650 _aCapim Elefante Mineiro
650 _aSoja Perene
650 _aPastagem Consorciada
650 _aManejo do Solo
650 _aCusto de Producao
650 _aRendimento
650 _aCerrado
650 _aMinas Gerais
773 0 _tArquivos da Escola de Veterinaria da Universidade Federal de Minas Gerais (Brazil)
_x
_g(1969), v. 21 p. 109-117
_wBR9503803
909 _a202311
_bLúcia
_c55
_dLúcia Elande
942 _2AGRIS
_n0
_cANA
999 _c143894
_d143894